The anatomy of human destructiveness

Đã lưu trong:
书目详细资料
主要作者: Fromm, Erich
格式: 图书
语言:Undetermined
出版: NewYork Pengiun Books 1973
主题:
标签: 添加标签
没有标签, 成为第一个标记此记录!
Thư viện lưu trữ: Trung tâm Học liệu Trường Đại học Cần Thơ
LEADER 00477nam a2200181Ia 4500
001 CTU_89306
008 210402s9999 xx 000 0 und d
082 |a 152.5 
082 |b F932 
100 |a Fromm, Erich 
245 4 |a The anatomy of human destructiveness 
245 0 |c Erich Fromm 
260 |a NewYork 
260 |b Pengiun Books 
260 |c 1973 
650 |a Aggressiveness,Violence 
904 |i Nguyên 
980 |a Trung tâm Học liệu Trường Đại học Cần Thơ